000 00638nam a22002297a 4500
005 20150515062026.0
008 060330s2006 iauac b 001 0 eng d
020 _a9780073527727
041 0 _aeng
080 _a297
100 1 _aHusain, Mir Zohair.
245 1 0 _aGlobal studies.
_pIslam and the Muslim world /
_cMir Zohair Husain.
250 _a1st ed.
260 _aDubuque, IA :
_bMcGraw-Hill,
_c2006.
300 _a343 f. :
_bme il.;
_c28 cm.
505 _aIndex: f. 2340 - 343
650 0 _aIslamizmi
650 0 _aFeja
651 0 _aIslamic countries
830 0 _aMcGraw-Hill contemporary learning series.
942 _2udc
_cBK
999 _c771
_d771